000 00524nam a2200193Ia 4500
003 GCL
008 140319s9999 xx 000 0 eng d
040 _aGCL /
_cGCL
082 0 4 _a621.382
_bM T
100 1 _aFIEE, MPHILDFHCENG
245 1 0 _aTELECOMMUNICATION NETWORKS /
_cFIEE, MPHILDFHCENG
700 1 _aMAZDA, FRAIDOON
260 _a[S.N] :
_bFOCAL PRESS ،
_c1996
300 _a314 O
650 0 4 _aTELECOMMUNICATION
650 0 4 _aCOMMUNICATIONS ENGINEERING
650 0 4 _aNETWORKS - ENGINEERING
942 _2ddc
_cBK
999 _c13501
_d13501